"Это мир очарований" (Запись № 12077314)

Подробности
000 -МАРКЕР
контрольное поле 02549ncm0a2200445 4500
001 - ИДЕНТИФИКАТОР ЗАПИСИ
контрольное поле RU\NLR\ONIZ\227127
005 - ИДЕНТИФИКАТОР ВЕРСИИ
контрольное поле 20260406115129.0
035 ## - ДРУГИЕ СИСТЕМНЫЕ НОМЕРА
Идентификатор записи RU\NLR\ONIZ\GALA\5000035528\20191112153855
035 ## - ДРУГИЕ СИСТЕМНЫЕ НОМЕРА
Идентификатор записи (NLR Aleph) 012136974
100 ## - ДАННЫЕ ОБЩЕЙ ОБРАБОТКИ
Данные общей обработки 20191112d2014 |||y0rusy50 ca
101 0# - ЯЗЫК РЕСУРСА
Язык текста, звукозаписи и т.д. русский
102 ## - СТРАНА ПУБЛИКАЦИИ ИЛИ ПРОИЗВОДСТВА
Страна публикации Российская Федерация
125 ## - ПОЛЕ КОДИРОВАННЫХ ДАННЫХ: ЗВУКОЗАПИСИ И НОТНЫЕ ИЗДАНИЯ
Форма изложения нотного текста ax
200 1# - ЗАГЛАВИЕ И СВЕДЕНИЯ ОБ ОТВЕТСТВЕННОСТИ
Основное заглавие "Это мир очарований"
Общее обозначение материала Ноты
Сведения, относящиеся к заглавию 3 хора на стихи русских поэтов М. Лермонтова, А. Фета, В. Брюсова
-- для жен. или дет. хора без сопровожд.
Первые сведения об ответственности В. Фадеев
210 ## - ПУБЛИКАЦИЯ, РАСПРОСТРАНЕНИЕ И ДР.
Место издания, распространения и т.д. Санкт-Петербург
Имя издателя, распространителя и т. д. МФ Санкт-Петербурга
Дата издания, распространения и т.д. cop. 2014
215 ## - ФИЗИЧЕСКАЯ ХАРАКТЕРИСТИКА
Специфическое обозначение материала и объем 17 с.
Размеры 30 см
300 ## - ОБЩИЕ ПРИМЕЧАНИЯ
Текст примечания Автогр. авт. на с. 2 обл.
300 ## - ОБЩИЕ ПРИМЕЧАНИЯ
Текст примечания Крат. биогр. справка: с. 4 обл.
327 1# - ПРИМЕЧАНИЯ О СОДЕРЖАНИИ
Текст примечания 1. Когда волнуется желтеющая нива / стихи М. Лермонтова ; 2. Растут, растут причудливые тени... / стихи А. Фета ; 3. Это мир очарований... / стихи В. Брюсова
606 1# - НАИМЕНОВАНИЕ ТЕМЫ КАК ПРЕДМЕТ
Наименование темы Музыка для женского хора без сопровождения
Географический подзаголовок Россия
Хронологический подзаголовок 20-21 вв.
Код системы nlr_sh
606 1# - НАИМЕНОВАНИЕ ТЕМЫ КАК ПРЕДМЕТ
Наименование темы Музыка для детского хора без сопровождения
Географический подзаголовок Россия
Хронологический подзаголовок 20-21 вв.
Код системы nlr_sh
686 ## - ИНДЕКСЫ ДРУГИХ КЛАССИФИКАЦИЙ
Индекс Щ941.2-0-043.2(2Р=Р)
Издание LBC/SL
Код системы
686 ## - ИНДЕКСЫ ДРУГИХ КЛАССИФИКАЦИЙ
Индекс Щ941.8-0-043.2(2Р=Р)
Издание LBC/SL
Код системы
700 #1 - ИМЯ ЛИЦА - ПЕРВИЧНАЯ ОТВЕТСТВЕННОСТЬ
Системный номер авторитетной/нормативной записи z01790
Начальный элемент ввода Фадеев
Часть имени, кроме начального элемента ввода В. О.
Даты 1946-
Расширение инициалов личного имени Валерий Олегович
Код отношения Композитор
Графика поля Кириллица
702 #1 - ИМЯ ЛИЦА - ВТОРИЧНАЯ ОТВЕТСТВЕННОСТЬ
Код отношения Лирик
Материалы, к которым относится поле rus
Графика поля Кириллица
Начальный элемент ввода Лермонтов
Часть имени, кроме начального элемента ввода М. Ю.
Дополнения к именам, кроме дат поэт
Даты 1814-1841
Расширение инициалов личного имени Михаил Юрьевич
Идентификатор авторитетной/нормативной записи RU\NLR\auth\77328
Системный номер авторитетной/нормативной записи 110383
702 #1 - ИМЯ ЛИЦА - ВТОРИЧНАЯ ОТВЕТСТВЕННОСТЬ
Системный номер авторитетной/нормативной записи z03790
Начальный элемент ввода Фет
Часть имени, кроме начального элемента ввода А. А.
Даты 1820 - 1892
Расширение инициалов личного имени Афанасий Афанасьевич
Код отношения Лирик
Графика поля Кириллица
702 #1 - ИМЯ ЛИЦА - ВТОРИЧНАЯ ОТВЕТСТВЕННОСТЬ
Системный номер авторитетной/нормативной записи z04790
Начальный элемент ввода Брюсов
Часть имени, кроме начального элемента ввода В. Я.
Даты 1873-1924
Расширение инициалов личного имени Валерий Яковлевич
Код отношения Лирик
Графика поля Кириллица
790 #1 - ИМЯ ЛИЦА - АЛЬТЕРНАТИВНАЯ ФОРМА
Системный номер авторитетной/нормативной записи z01700
Начальный элемент ввода Fadeev
Часть имени, кроме начального элемента ввода V. O.
Даты 1946-
Расширение инициалов личного имени Valerij Olegovič
Код отношения Композитор
Графика поля Латинская
790 #1 - ИМЯ ЛИЦА - АЛЬТЕРНАТИВНАЯ ФОРМА
Код отношения Лирик
Материалы, к которым относится поле rus
Графика поля Кириллица
Начальный элемент ввода Лермонтов
Часть имени, кроме начального элемента ввода М. Ю.
Дополнения к именам, кроме дат поэт
Даты 1814-1841
Расширение инициалов личного имени Михаил Юрьевич
Идентификатор авторитетной/нормативной записи RU\NLR\auth\77328
Системный номер авторитетной/нормативной записи 110383
790 #1 - ИМЯ ЛИЦА - АЛЬТЕРНАТИВНАЯ ФОРМА
Системный номер авторитетной/нормативной записи z03702
Начальный элемент ввода Fet
Часть имени, кроме начального элемента ввода A. A.
Даты 1820 - 1892
Расширение инициалов личного имени Afanasij Afanas`evič
Код отношения Лирик
Графика поля Латинская
790 #1 - ИМЯ ЛИЦА - АЛЬТЕРНАТИВНАЯ ФОРМА
Системный номер авторитетной/нормативной записи z04702
Начальный элемент ввода Brjusov
Часть имени, кроме начального элемента ввода V. J.
Даты 1873-1924
Расширение инициалов личного имени Valerij Jakovlevič
Код отношения Лирик
Графика поля Латинская
801 #0 - ИСТОЧНИК ЗАПИСИ
Страна Российская Федерация
Организация NLR
Дата составления 20191112
Правила каталогизации PSBO
801 #1 - ИСТОЧНИК ЗАПИСИ
Страна Российская Федерация
Организация NLR
Дата составления 20191112
Источник данных rusmarc
801 #2 - ИСТОЧНИК ЗАПИСИ
Страна Российская Федерация
Организация NLR
Дата составления 20191112
852 ## - МЕСТОНАХОЖДЕНИЕ И ШИФР ХРАНЕНИЯ
Идентификатор организации NLR
Наименование фонда или коллекции (Sub-Location Identifier) М
Шифр хранения (Call Number) 986/1045
Страна
Номер экземпляра 1
942 ## - ДОПОЛНИТЕЛЬНЫЕ ЭЛЕМЕНТЫ ЗАПИСИ (АБИС)
Тип экземпляра АБИС Ноты
980 ## - КОЛЛЕКЦИЯ
Название коллекции Национальная библиография
980 ## - КОЛЛЕКЦИЯ
Название коллекции Отдел нот и звукозаписей
Экземпляры
Тип экземпляра Дата поступления Библиотека постоянного хранения Библиотека текущего хранения Место хранения Шифр хранения Статус экземпляра
Ноты 12.11.2019 РНБ (Московский) РНБ (Московский) Фонд нот и звукозаписей 986/1045 986/1045